| 000 | | | 04014nac2a22002771x 450 |
| 001 | | | 2f19af57-d9b0-4b3e-9ad7-473f4a711c8e |
| 005 | | | 20170803071242.0 |
| 100 | ## | $a | 20170510l1928 k y0rusy50 ca |
| 101 | 0# | $a | rus |
| 102 | ## | $a | RU |
| 105 | ## | $a | y z ||||| |
| 122 | 0# | $a | d19280718 |
| 200 | 1# | $a | 56 |
| | $j | 18.07.1928 |
| 215 | ## | $a | 236 листов |
| 251 | ## | $c | Дело |
| 300 | ## | $a | Заголовок дела на папке: Протокол № 56 заседания Президиума ЦИК Союза ССР от 18 июля 1928 г. |
| 300 | ## | $a | В деле имеются телефонограммы |
| 300 | ## | $a | Машинописный и рукописный текст |
| 330 | ## | $a | Входит в раздел описи: Протоколы заседаний Президиума IV-го созыва /рабочие/ |
| 461 | #0 | $1 | 001796d4672-8a00-4986-b488-6e42273792cc |
| | $1 | 2001 |
| | $a | ЦЕНТРАЛЬНЫЙ ИСПОЛНИТЕЛЬНЫЙ КОМИТЕТ СССР (ЦИК СССР) |
| | $1 | 251 |
| | $c | Фонд |
| | $1 | 852 |
| | $j | 3316 |
| | $g | Р |
| 462 | #0 | $1 | 0015593f570-cd62-4a8d-a1d8-0c815fe27ed2 |
| | $1 | 2001 |
| | $a | Протоколы заседаний Президиума ЦИК СССР, объединенных заседаний секретариатов ЦИК СССР и ВЦИК и совещаний при председателе ЦИК СССР. 1923-1938 гг. |
| | $v | Д. 309 |
| | $1 | 251 |
| | $c | Опись |
| | $1 | 852 |
| | $j | 12 |
| 517 | 1# | $a | Протокол № 56 заседания Президиума ЦИК Союза ССР от 18 июля 1928 г. |
| 601 | 01 | $3 | RU\NLR\AUTH\880357276 |
| | $a | СССР |
| | $b | ЦИК |
| 801 | #0 | $a | RU |
| | $b | GA_RF |
| 801 | #1 | $a | RU |
| | $b | АО "НПО Опыт" |
| | $c | 20170510 |
| | $2 | rusmarc |
| 801 | #2 | $a | RU |
| | $b | ПБ им. Б.Н. Ельцина |
| | $c | 20170803 |
| | $g | RCR |
| | $2 | rusmarc |
| 852 | ## | $a | ГА РФ |
| | $j | 309 |
| 937 | ## | $d | 101197242 |
| | $h | ПБ |
| 035 | ## | $a | RuPRLIB51042406 |
| 856 | ## | $u | http://readingroom.main.prlib.ru/item.aspx?id_node=n101197242&mode=full |